000 nam a22 a 4500
999 _c3907
_d3907
003 AKMAL
005 20170524122200.0
008 170524s2004 my a e | a000 0 eng d
020 _a983100227X (pbk.) :
_cRM40.00
039 9 _a200512131044
_bhidayah
_c200509071122
_dfatimah
_c200508041210
_dfatimah
_c200508041149
_dfatimah
040 _aAKMAL
_cAKMAL
049 _amal
082 0 4 _a909.049923 HAS
_222
090 0 0 _a909.049923
_bHAS
090 2 0 _a909.049923
_bHAS
100 0 _aHashim Hj. Musa
_97711
245 1 0 _aEncountering the globalizing west /
_cHashim Hj. Musa
260 _aKuala Lumpur :
_bUniversity Of Malaya Press,
_c2004
300 _axv, 109p. :
_bill. ;
_c23cm.
440 0 _aCivilizational dialogue series
_97712
504 _aBibliography: p. 103-109
650 1 0 _aCivilization, Malay
_97713
650 2 0 _aIslamic civilization
_91544
650 2 0 _aCivilization, Western
_97705
942 _2ddc
_cBOOK